There's growing attention to dirty money invested in property (Record no. 121117)
[ view plain ]
| 000 -LEADER | |
|---|---|
| fixed length control field | 00643nas a22002057a 4500 |
| 001 - CONTROL NUMBER | |
| control field | K121117 |
| 007 - PHYSICAL DESCRIPTION FIXED FIELD--GENERAL INFORMATION | |
| fixed length control field | ta |
| 008 - FIXED-LENGTH DATA ELEMENTS--GENERAL INFORMATION | |
| fixed length control field | 190930b2019 ||||| |||| 00| 0 eng d |
| 041 ## - LANGUAGE CODE | |
| Language code of text/sound track or separate title | eng |
| 100 ## - MAIN ENTRY--PERSONAL NAME | |
| Personal author | Hames, Duncan |
| 245 ## - TITLE STATEMENT | |
| Title | There's growing attention to dirty money invested in property |
| 260 ## - PUBLICATION INFORMATION | |
| Date | 2019 |
| 490 ## - SERIES TITLE | |
| Series statement | RICS Modus |
| Volume | September 2019, 8(1) |
| 520 ## - ABSTRACT | |
| Abstract | Examines the growing problem of corruption and money laundering in property and how these issues can be addressed. |
| 650 ## - KEYWORDS | |
| Keywords | anti-money laundering |
| 650 ## - KEYWORDS | |
| Keywords | corruption |
| 650 ## - KEYWORDS | |
| Keywords | bribery |
| 651 ## - SUBJECT ADDED ENTRY--GEOGRAPHIC NAME | |
| Geographic name | United Kingdom |
| 690 ## - LOCAL SUBJECT ADDED ENTRY--TOPICAL TERM (OCLC, RLIN) | |
| 9 (RLIN) | 6226 |
| Topical term or geographic name as entry element | Business and management |
| Withdrawn status | Lost status | Source of classification or shelving scheme | Damaged status | Not for loan | Home library | Current library | Shelving location | Date acquired | Total Checkouts | Date last seen | Price effective from | Koha item type |
|---|---|---|---|---|---|---|---|---|---|---|---|---|
| Dewey Decimal Classification | London | London | Gallery | 30/09/2019 | 30/09/2019 | 30/09/2019 | Journal article |